Fact of the Day Quiz - Statistics

General Stats
  • This quiz has been taken 4 times
  • The average score is 11 of 20
Answer Stats
Hint Answer % Correct
Cockroaches were once believed to have 13 ______, but in fact it’s just one divided into 13 chambers. Hearts
100%
Vladimir Lenin spoke English with an ______ accent because his English tutor was ______. Irish
100%
It almost never rains in the city of ___ _________, California, in July. San Francisco
100%
Etruscan Shrews have a heartbeat of at least ____ beats per minute. 1000
67%
Barnacles are technically __________. Crustaceans
67%
In the 1700s, the ____ ______ ______ had about 1,800 quasi-independent states. Holy Roman Empire
67%
38% of people in Viet Nam have the family name _______. Nguyễn
67%
There are a ton of writing systems derived from ________; including but not limited to: Latin, Greek, Cyrillic, Hebrew, Arabic, Devanagari, Tamil, Telugu, Thai, Mongolian, and many many more… Phoenician
67%
The word “________” comes from the Latin word for “left”, because it was believed that left-handed people were evil. Sinister
67%
The ______ language has origins in the Neolithic Age, being over 5,000 years old! Basque
33%
As a child, Kim Jong-Un was taken to visit Tokyo Disneyland using a fake _________ passport. Brazilian
33%
The USA was offered _______ by Siam to clear land for agriculture. Elephants
33%
The entire state of Wyoming only has 2 pairs of ________. Escalators
33%
______ ________ were invented by a member of the Presbyterian Church, and were believed to act as a lust suppressor. Graham Crackers
33%
Forget Oranges and their 98% your daily value of vitamin C, the average ______ has 380%! Guava
33%
Here in Phoenix, Arizona, there are more Golf Courses than there are _________. Libraries
33%
Dragonflies can eat up to 100 ________ per day. Mosquitos
33%
“Eye of Newt” is actually just an alternative name for ________ ____. Mustard Seed
33%
According to legend, the city of Lisbon in Portugal was founded by _________. Odysseus
33%
Queen ______ will typically lay 1 egg every 3 seconds, 24/7, for 25 years straight. Termites
33%
No matching quizzes found
Score Distribution
Percent of People with Each Score
Percentile by Number Answered
Your Score History
You have not taken this quiz